Statistics for Države Azije

Click here to take the quiz!

General Stats

  • This quiz has been taken 334 times
  • The average score is 30 of 48

Answer Stats

Država% Correct
Kina
92%
Japan
90%
Rusija
86%
Indija
82%
Iran
80%
Irak
77%
Turska
77%
Južna Koreja
76%
Pakistan
74%
Avganistan
73%
Mongolija
72%
Saudijska Arabija
72%
Tajland
71%
Indonezija
69%
Kazahstan
69%
Turkmenistan
69%
Uzbekistan
68%
Izrael
66%
Nepal
65%
Ujedinjeni Arapski Emirati
65%
Vijetnam
64%
Jemen
63%
Tadžikistan
63%
Bangladeš
62%
Oman
62%
Severna Koreja
62%
Sirija
62%
Butan
61%
Azerbejdžan
58%
Šri Lanka
58%
Gruzija
57%
Kirgistan
57%
Filipini
56%
Tajvan
56%
Katar
55%
Malezija
55%
Jordan
54%
Mjanmar
53%
Singapur
51%
Jermenija
50%
Laos
49%
Kambodža
48%
Bahrein
44%
Istočni Timor
41%
Kuvajt
41%
Brunej
40%
Liban
40%
Maldivi
40%

Score Distribution

Percentile by Number Answered

Percent of People with Each Score

Your Score History

You have not taken this quiz